Formirovanije ekonomiki znanij kontra finansovyj krizis

Formovanie znalostnej ekonomiky a finančná kríza. Vízia Európskej únie s názvom Európa 2020. Ciele tejto stratégie - rozvoj znalostí, udržateľný rozvoj a rast zamestnanosti. Rozvoj znalostnej ekonomiky a podpora vzdelávania.

Salvato in:
Dettagli Bibliografici
Autore principale: Gonda, Vladimír
Natura: Capitolo di libro
Lingua:russo
Soggetti:
Tags: Aggiungi Tag
Nessun Tag, puoi essere il primo ad aggiungerne!!

MARC

LEADER 00000naa$a2200000$$$4500
001 0125204
005 20240502083317.4
041 0 |a rus 
044 |a BY 
245 1 0 |a Formirovanije ekonomiki znanij kontra finansovyj krizis  |c Vladimír Gonda 
520 |a Formovanie znalostnej ekonomiky a finančná kríza. Vízia Európskej únie s názvom Európa 2020. Ciele tejto stratégie - rozvoj znalostí, udržateľný rozvoj a rast zamestnanosti. Rozvoj znalostnej ekonomiky a podpora vzdelávania. 
610 2 0 |a ekonomika vedomostná 
610 2 0 |a spoločnosť vedomostná 
610 2 0 |a kríza finančná 
610 2 0 |a vzdelávanie 
610 2 0 |a zamestnanosť 
610 2 0 |a Európska únia 
100 1 |a Gonda, Vladimír